000 00830nam0a22002411 4500
001 rc\2707189
005 20250529121417.0
035 _a(NLR Aleph) 006835143
090 _a6586637
_c6586637
100 _a20110915d1934 |||y0rusy50 ca
101 0 _arus
102 _aRU
105 _aabe g |||||
200 1 _aВоздушный флот Японии
_eСправочные сведения
_fД. Стрешневский
210 _aМосква
_cГос. воен. изд-во
_d1934
_eЛенинград
_gДОЦТ им. К. Ворошилова
215 _aПереплет, 280 с., 3 вкл. л. карт., схем.
_cил.
_d18х12 см.
700 1 _aСтрешневский
_bД.
801 0 _aRU
_bNLR
_gpsbo
801 1 _aRU
_bELAR
_2rusmarc
852 _aNLR
_j34-2/2950
942 _cBOOK
980 _aNB